|
|
|
|
| LEADER |
02192nam a2200577 i 4500 |
| 001 |
nkc20243609643 |
| 003 |
CZ PrNK |
| 005 |
20240822161552.0 |
| 007 |
ta |
| 008 |
240606s2024 xr acghe 001 0acze |
| 015 |
|
|
|a cnb003609643
|
| 020 |
|
|
|a 978-80-11-05082-5
|q (brožováno)
|
| 035 |
|
|
|a (OCoLC)1455302396
|
| 040 |
|
|
|a OLA001
|b cze
|e rda
|
| 043 |
|
|
|a e-xr---
|
| 045 |
|
|
|a x3y-
|
| 072 |
|
7 |
|a 78.07
|x Hudebníci, skladatelé a jiná hudební povolání
|2 Konspekt
|9 9
|
| 072 |
|
7 |
|a 929
|x Biografie
|2 Konspekt
|9 8
|
| 080 |
|
|
|a 78.071.1
|2 MRF
|
| 080 |
|
|
|a 78.071.2
|2 MRF
|
| 080 |
|
|
|a 78.088
|2 MRF
|
| 080 |
|
|
|a 78-027.22
|2 MRF
|
| 080 |
|
|
|a 929
|2 MRF
|
| 080 |
|
|
|a (437.3)
|2 MRF
|
| 080 |
|
|
|a (0:82-94)
|2 MRF
|
| 100 |
1 |
|
|a Popelka, Vladimír,
|d 1932-
|7 xx0000095
|4 aut
|4 pbl
|
| 245 |
1 |
0 |
|a Vzpomínky aranžéra /
|c Vladimír Popelka
|
| 250 |
|
|
|a Vydání první
|
| 264 |
|
1 |
|a [Pardubice] :
|b Vladimír Popelka,
|c [2024]
|
| 300 |
|
|
|a 117 stran :
|b ilustrace (některé barevné), portréty, noty, faksimile ;
|c 21 cm
|
| 336 |
|
|
|a text
|b txt
|2 rdacontent
|
| 337 |
|
|
|a bez média
|b n
|2 rdamedia
|
| 338 |
|
|
|a svazek
|b nc
|2 rdacarrier
|
| 500 |
|
|
|a Obsahuje rejstřík
|
| 600 |
1 |
7 |
|a Popelka, Vladimír,
|d 1932-
|7 xx0000095
|2 czenas
|
| 648 |
|
7 |
|a 20.-21. století
|7 ch462155
|2 czenas
|
| 650 |
0 |
7 |
|a hudební skladatelé
|7 ph120923
|z Česko
|y 20.-21. století
|2 czenas
|
| 650 |
0 |
7 |
|a dirigenti
|7 ph119473
|z Česko
|y 20.-21. století
|2 czenas
|
| 650 |
0 |
7 |
|a aranžování hudby
|7 ph834322
|z Česko
|y 20.-21. století
|2 czenas
|
| 650 |
0 |
7 |
|a hudební život
|7 ph135177
|z Česko
|y 20.-21. století
|2 czenas
|
| 650 |
0 |
9 |
|a composers
|z Czechia
|y 20th-21st centuries
|2 eczenas
|
| 650 |
0 |
9 |
|a conductors (music)
|z Czechia
|y 20th-21st centuries
|2 eczenas
|
| 650 |
0 |
9 |
|a music arrangement
|z Czechia
|y 20th-21st centuries
|2 eczenas
|
| 650 |
0 |
9 |
|a musical life
|z Czechia
|y 20th-21st centuries
|2 eczenas
|
| 655 |
|
7 |
|a autobiografické vzpomínky
|7 fd131854
|2 czenas
|
| 655 |
|
9 |
|a autobiographical reminiscences
|2 eczenas
|
| 910 |
2 |
|
|a BOA001
|b 2-1527.985
|
| 990 |
|
|
|a BK
|
| 995 |
|
|
|a 01
|
| 991 |
|
|
|b 202408
|c NOV
|
| 996 |
6 |
|
|b 2610976299
|c 2-1527.985
|l MZK
|r Sklad / do 1 hodiny
|n 0
|p p.v.
|w 001972420
|u 000010
|a 1
|e BOA001
|j MZK50
|s P
|